<?xml version="1.0" encoding="UTF-8"?>
<record
    xmlns:xsi="http://www.w3.org/2001/XMLSchema-instance"
    xsi:schemaLocation="http://www.loc.gov/MARC21/slim http://www.loc.gov/standards/marcxml/schema/MARC21slim.xsd"
    xmlns="http://www.loc.gov/MARC21/slim">

  <leader>00857nam a2200301Ia 4500</leader>
  <controlfield tag="001">033950</controlfield>
  <controlfield tag="008">221003s2012    xx            000 0 spa d</controlfield>
  <datafield tag="035" ind1=" " ind2=" ">
    <subfield code="a">CENDO_24506</subfield>
  </datafield>
  <datafield tag="041" ind1=" " ind2=" ">
    <subfield code="a">spa</subfield>
  </datafield>
  <datafield tag="084" ind1=" " ind2=" ">
    <subfield code="a">CD-11490</subfield>
  </datafield>
  <datafield tag="110" ind1=" " ind2=" ">
    <subfield code="a">ESPA&#xD1;A.</subfield>
    <subfield code="b">Ley de Refomra Laboral</subfield>
    <subfield code="d">2012</subfield>
    <subfield code="9">22310</subfield>
  </datafield>
  <datafield tag="245" ind1=" " ind2="0">
    <subfield code="a">Ley 3/2012, de 6 de julio, de medidas urgentes para la reforma del mercado laboral</subfield>
  </datafield>
  <datafield tag="260" ind1=" " ind2=" ">
    <subfield code="a">Valladolid :</subfield>
    <subfield code="b">Lex Nova,</subfield>
    <subfield code="c">2012</subfield>
  </datafield>
  <datafield tag="300" ind1=" " ind2=" ">
    <subfield code="a">134 p.  ;</subfield>
    <subfield code="c"> 27 cm</subfield>
  </datafield>
  <datafield tag="500" ind1=" " ind2=" ">
    <subfield code="a">Avance informativo laboral, a&#xF1;o 2012 n.2</subfield>
  </datafield>
  <datafield tag="650" ind1=" " ind2=" ">
    <subfield code="a">LEGISLACION</subfield>
    <subfield code="9">111</subfield>
  </datafield>
  <datafield tag="650" ind1=" " ind2=" ">
    <subfield code="a">ESPA&#xD1;A</subfield>
    <subfield code="9">9</subfield>
  </datafield>
  <datafield tag="650" ind1=" " ind2="0">
    <subfield code="a">MERCADO DE TRABAJO</subfield>
    <subfield code="9">52</subfield>
  </datafield>
  <datafield tag="650" ind1=" " ind2="0">
    <subfield code="a">LEGISLACION DEL TRABAJO</subfield>
    <subfield code="9">126</subfield>
  </datafield>
  <datafield tag="650" ind1=" " ind2=" ">
    <subfield code="a">REFORMA LEGISLATIVA</subfield>
    <subfield code="9">212</subfield>
  </datafield>
  <datafield tag="901" ind1=" " ind2=" ">
    <subfield code="a">4</subfield>
  </datafield>
  <datafield tag="903" ind1=" " ind2=" ">
    <subfield code="a">NO</subfield>
  </datafield>
  <datafield tag="904" ind1=" " ind2=" ">
    <subfield code="a">000</subfield>
  </datafield>
  <datafield tag="953" ind1=" " ind2=" ">
    <subfield code="d">2012-09-19</subfield>
    <subfield code="y">MONOGRAFIA</subfield>
    <subfield code="o">CD-11490</subfield>
  </datafield>
  <datafield tag="999" ind1=" " ind2=" ">
    <subfield code="c">24505</subfield>
    <subfield code="d">24505</subfield>
  </datafield>
  <datafield tag="910" ind1=" " ind2=" ">
    <subfield code="a">2012</subfield>
  </datafield>
  <datafield tag="942" ind1=" " ind2=" ">
    <subfield code="c">MONOGRAFIA</subfield>
  </datafield>
  <datafield tag="952" ind1=" " ind2=" ">
    <subfield code="0">0</subfield>
    <subfield code="1">0</subfield>
    <subfield code="4">0</subfield>
    <subfield code="7">0</subfield>
    <subfield code="a">CENDO</subfield>
    <subfield code="b">CENDO</subfield>
    <subfield code="d">2012-09-19</subfield>
    <subfield code="l">0</subfield>
    <subfield code="o">CD-11490</subfield>
    <subfield code="p">CENDO_24506</subfield>
    <subfield code="r">2022-10-05 00:00:00</subfield>
    <subfield code="w">2022-10-05</subfield>
    <subfield code="y">MONOGRAFIA</subfield>
  </datafield>
</record>
